000 00910nam a2200253Ia 4500
001 16198
003 GE_BSU
008 181216s||||||||xx |||||||||||||| ||und||
020 _aISBN 978-9941-15-779-0
040 _cGE_BSU
080 _a81'374.822=351.41=353.1
100 _aცოცანიძე,გიორგი
245 _aთუშური ლექსიკონი.
245 _cმხატვ:დავით მაჭავარიანი.
250 _a- მე-2 შევსებული და შესწორებული გამოცემა.
260 _aთბილისი.
260 _bბაკურ სულაკაურის გამ-ბა.
260 _c2012
300 _a319გვ;ილ;24სმ.
541 _h15ლ.
653 _aთუშური ლექსიკონი.
653 _aლექსიკონი
942 _cBK
999 _c49282
_d49282